000 00979nam a2200313Ia 4500
005 20220317001335.0
008 161108s9999 sp g 000 0 spa
020 _a9788489163607
100 1 _aHomero
_dSiglo IX a.c.
245 1 0 _aOdisea
_cHomero
250 _a9a. edición
300 _a380 páginas
_c19 cm
490 _aClásicos universales
500 _aIncluye índice de nombres
650 1 4 _2LEMB
_aPoesía épica griega
650 1 4 _2LEMB
_aLiteratura épica griega
650 1 4 _2LEMB
_aPoesía narrativa
650 1 4 _2LEMB
_aHéroes en la literatura
650 1 4 _2LEMB
_aAventuras en la literatura
650 1 4 _2LEMB
_aMitología griega en la literatura
700 1 _aSegalá y Estalella, Luis
_970930
942 _2loc
_cBKLIT
264 _aMadrid
_bJorge A. Mestas
336 _atexto
_btxt
_2rdacontent
337 _asin mediación
_bn
_2rdamedia
338 _avolumen
_bnc
_2rdacarrier
040 _aCO-BoRNBP
_bspa
_erda
_cCO-BoRNBP
084 _aP HOM1
999 _c6666
_d6666